LEADER 04889nam 2201141Ia 450 001 9910783070403321 005 20230617032322.0 010 $a0-520-92794-X 010 $a9786612759000 010 $a1-59734-687-X 010 $a1-282-75900-0 024 7 $a10.1525/9780520927940 035 $a(CKB)1000000000004238 035 $a(EBL)224791 035 $a(OCoLC)475931952 035 $a(SSID)ssj0000183922 035 $a(PQKBManifestationID)11178840 035 $a(PQKBTitleCode)TC0000183922 035 $a(PQKBWorkID)10196333 035 $a(PQKB)11479909 035 $a(StDuBDS)EDZ0000083902 035 $a(MiAaPQ)EBC224791 035 $a(OCoLC)55529879 035 $a(MdBmJHUP)muse30831 035 $a(DE-B1597)520986 035 $a(DE-B1597)9780520927940 035 $a(Au-PeEL)EBL224791 035 $a(CaPaEBR)ebr10057115 035 $a(CaONFJC)MIL275900 035 $a(EXLCZ)991000000000004238 100 $a20030605d2004 uy 0 101 0 $aeng 135 $aurcn||||||||| 181 $ctxt 182 $cc 183 $acr 200 10$aIs Taiwan Chinese?$b[electronic resource] $ethe impact of culture, power, and migration on changing identities /$fby Melissa J. Brown 210 $aBerkeley $cUniversity of California Press$dc2004 215 $a1 online resource (353 p.) 225 1 $aBerkeley series in interdisciplinary studies of China ;$v2 300 $aDescription based upon print version of record. 311 $a0-520-23181-3 311 $a0-520-23182-1 320 $aIncludes bibliographical references and index. 327 $aWhat's in a name? : culture, identity, and the "Taiwan problem" -- Where did the aborigines go? : reinstating plains aborigines in Taiwan's history -- "We savages didn't bind feet" : culture, colonial intervention, and long-route identity change -- "Having a wife is better than having a god" : ancestry, governmental power, and short-route identity change -- "They came with their hands tied behind their backs" : forced migrations, identity changes, and state classification in Hubei -- Theory and politics : understanding choices at the border to Han. 330 $aThe "one China" policy officially supported by the People's Republic of China, the United States, and other countries asserts that there is only one China and Taiwan is a part of it. The debate over whether the people of Taiwan are Chinese or independently Taiwanese is, Melissa J. Brown argues, a matter of identity: Han ethnic identity, Chinese national identity, and the relationship of both of these to the new Taiwanese identity forged in the 1990's. In a unique comparison of ethnographic and historical case studies drawn from both Taiwan and China, Brown's book shows how identity is shaped by social experience-not culture and ancestry, as is commonly claimed in political rhetoric. 410 0$aBerkeley series in interdisciplinary studies of China ;$v2. 606 $aTaiwan aborigines$xEthnic identity$xHistory 606 $aEthnicity$zTaiwan$xHistory 606 $aEthnicity$zChina$xHistory$y20th century 606 $aNationalism$zTaiwan$xHistory$y20th century 606 $aNationalism$zChina$xHistory$y20th century 606 $aChinese reunification question, 1949- 606 $aTujia (Chinese people)$zChina$zEnshi Tujiazu Miaozu Zizhizhou$xEthnic identity$xHistory$y20th century 607 $aTaiwan$xRelations$zChina 607 $aChina$xRelations$zTaiwan 607 $aEnshi Tujiazu Miaozu Zizhizhou (China)$xEthnic relations$xHistory$y20th century 610 $a1990s. 610 $aancestry. 610 $aasia. 610 $aasian history. 610 $aasian identity. 610 $acase study. 610 $achina. 610 $achinese history. 610 $achinese identity. 610 $achinese independence. 610 $aculture. 610 $aethnic identity. 610 $aethnicity. 610 $aethnography. 610 $aidentity politics. 610 $apeoples republic of china. 610 $apolitical rhetoric. 610 $apolitical. 610 $arace. 610 $aracism. 610 $ataiwan. 610 $ataiwanese history. 610 $ataiwanese identity. 610 $aunited states. 610 $aworld history. 615 0$aTaiwan aborigines$xEthnic identity$xHistory. 615 0$aEthnicity$xHistory. 615 0$aEthnicity$xHistory 615 0$aNationalism$xHistory 615 0$aNationalism$xHistory 615 0$aChinese reunification question, 1949- 615 0$aTujia (Chinese people)$xEthnic identity$xHistory 676 $a305.89/925 700 $aBrown$b Melissa J$0564673 801 0$bMiAaPQ 801 1$bMiAaPQ 801 2$bMiAaPQ 906 $aBOOK 912 $a9910783070403321 996 $aIs Taiwan Chinese$9954868 997 $aUNINA LEADER 04069nam 2200853 450 001 9910824956103321 005 20200520144314.0 010 $a90-04-25285-1 024 7 $a10.1163/9789004252851 035 $a(CKB)2550000001138673 035 $a(EBL)1513965 035 $a(OCoLC)862050342 035 $a(SSID)ssj0001041204 035 $a(PQKBManifestationID)11601192 035 $a(PQKBTitleCode)TC0001041204 035 $a(PQKBWorkID)11009669 035 $a(PQKB)10510808 035 $a(MiAaPQ)EBC1513965 035 $a(nllekb)BRILL9789004252851 035 $a(Au-PeEL)EBL1513965 035 $a(CaPaEBR)ebr10792276 035 $a(CaONFJC)MIL538343 035 $a(PPN)178907286 035 $a(EXLCZ)992550000001138673 100 $a20131124h20132014 uy 0 101 0 $aeng 135 $aurun| uuuua 181 $ctxt 182 $cc 183 $acr 200 10$aPedlars and the popular press $eitinerant distribution networks in England and the Netherlands 1600-1850 /$fby Jeroen Salman 210 1$aLeiden :$cBrill,$d[2013] 210 4$dİ2014 215 $a1 online resource (303 p.) 225 1 $aLibrary of the written word : the handpress world ;$vvolume 21 225 1 $aLibrary of the written word,$x1874-4834 ;$vvolume 29 300 $aDescription based upon print version of record. 311 $a90-04-25284-3 311 $a1-306-07092-9 320 $aIncludes bibliographies and index. 327 $aPreliminary Material -- Introduction -- Reputation and Representation -- The Pedlar in the English Distribution Network -- The Pedlar in the Dutch Distribution Network -- Conclusion: A Comparative Perspective on Itinerant Networks -- Bibliography -- Index of Names, Places and Major Topics. 330 $aItinerant salesmen, also called pedlars, street hawkers, hucksters and ballad singers are considered to be the most important distributors of popular printed matter in Europe between 1600 and 1850. A general assumption is that the pedlar travelling from town to countryside was strongly distinct from the role of the established booksellers in the towns, selling books to the educated and affluent buyer. The commercial position of the urban pedlars, however, is very often underestimated. In this book, therefore, the itinerant book trade is studied in an English and Dutch, urban context, leading to a new perspective on the role of the pedlars as an intermediary between the established booksellers and an extensive, socially diverse reading public. 410 0$aLibrary of the written word ;$v29. 410 0$aLibrary of the written word.$pHandpress world ;$v21. 606 $aBook industries and trade$xSocial aspects$zEngland 606 $aBook industries and trade$xSocial aspects$zNetherlands 606 $aBook industries and trade$zEngland$xHistory$y17th century 606 $aBook industries and trade$zEngland$xHistory$y18th century 606 $aBook industries and trade$zNetherlands$xHistory$y17th century 606 $aBook industries and trade$zNetherlands$xHistory$y18th century 606 $aPeddling$zEngland$xHistory$y17th century 606 $aPeddling$zEngland$xHistory$y18th century 606 $aPeddling$zNetherlands$xHistory$y17th century 606 $aPeddling$zNetherlands$xHistory$y18th century 615 0$aBook industries and trade$xSocial aspects 615 0$aBook industries and trade$xSocial aspects 615 0$aBook industries and trade$xHistory 615 0$aBook industries and trade$xHistory 615 0$aBook industries and trade$xHistory 615 0$aBook industries and trade$xHistory 615 0$aPeddling$xHistory 615 0$aPeddling$xHistory 615 0$aPeddling$xHistory 615 0$aPeddling$xHistory 676 $a381.450020942 676 $a381/.450020942 700 $aSalman$b Jeroen$01644018 801 0$bMiAaPQ 801 1$bMiAaPQ 801 2$bMiAaPQ 906 $aBOOK 912 $a9910824956103321 996 $aPedlars and the popular press$94012184 997 $aUNINA